| 000 | 00715nam a2200229 4500 | ||
|---|---|---|---|
| 001 | 4522 | ||
| 003 | BD-RjUL | ||
| 005 | 20211208233915.0 | ||
| 008 | 131222r19661959enk b 001 0 eng d | ||
| 035 |
_aCURL 980078426195(LCo) from cyfc11 _a(BD-RjUL)4557 |
||
| 040 |
_aBD-RjUL _beng _cBD-RjUL _dBD-RjUL |
||
| 041 | _aeng | ||
| 082 |
_bHOI 1966 _a347.7 _223 |
||
| 100 | 1 |
_aHornby, James Angus. _914303 |
|
| 245 | 1 | 3 |
_aAn introduction to company law / _c[by] J. A. Hornby |
| 250 | _aUniversity Library ed. | ||
| 260 |
_aLondon : _bHutchinson, _cc1959[impression1966] |
||
| 300 |
_a188 p. ; _c22 cm. |
||
| 504 | _aIncluds Bibliography and index. | ||
| 650 | 0 |
_aCorporation law _zGreat Britain _913492 |
|
| 942 |
_2ddc _cBK _01 |
||
| 999 |
_c4522 _d4522 |
||